000 00571nam a2200157 i 4500
001 50318
003 ES-MaACL
007 t|
008 030801s1943 ag ||||1| spa d
100 1 _aCruchet, René.
_941765
245 1 0 _aNuevos conceptos en patología nerviosa
_b: sus aplicaciones a la clínica neuro-psiquiátrica y a la medicina general /
_cRené Cruchet ; prólogo de V. Dimitri.
260 _aBuenos Aires :
_bMédico-Quirúrgica,
_c[1943]
300 _a274 p., 7 lám. :
_bil. ;
_c24 cm.
700 1 _aDimitri, V.
_944824
852 _aES-MaACL
_jE-368
_bR.22477
999 _c50318
_d50318